| 000 | 00462cam a2200181ua 4500 | ||
|---|---|---|---|
| 020 |
_a81-7286-235-0 _c900.00 |
||
| 041 |
_aeng _h |
||
| 082 |
_a725.5 _bKUN/DE |
||
| 100 | _aKunders, G D . | ||
| 245 |
_aDesigning for total quality in health care / _cG D Kunders. _hTextual Documents |
||
| 260 |
_aBangalore : _bPrism Books , _c2002. |
||
| 300 | _a470 ; . | ||
| 365 | _a900.00 | ||
| 500 | _a*CSS | ||
| 504 | _a | ||
| 942 | _cBK | ||
| 999 |
_c11315 _d11315 |
||